Willis's Element OF Quantity Surveying (Record no. 4506)

MARC details
000 -LEADER
fixed length control field 00379nam a22001457a 4500
008 - FIXED-LENGTH DATA ELEMENTS--GENERAL INFORMATION
fixed length control field 251118b |||||||| |||| 00| 0 eng d
020 ## - INTERNATIONAL STANDARD BOOK NUMBER
ISBN 9781444335002
100 ## - MAIN ENTRY--AUTHOR
Author William, Trench
245 ## - TITLE STATEMENT
Title Willis's Element OF Quantity Surveying
250 ## - EDITION STATEMENT
Edition statement 11th ed.
260 ## - PUBLICATION, DISTRIBUTION, ETC. (IMPRINT)
Place of publication West Sussex,UK
Name of publisher John Willey And Sons
Date of publication 2011
300 ## - COLLATION
Pagination x,346p.
942 ## - ADDED ENTRY ELEMENTS (KOHA)
Item type Books
050 ## - LIBRARY OF CONGRESS CALL NUMBER
Classification number TH435
Item number .W685
Holdings
Source of classification or shelving scheme Not for loan Permanent location Current location Date acquired Accession No. Full call number Barcode. Koha item type
Library of Congress Classification   Environmental Sciences Library Environmental Sciences Library 11/18/2025 2025/65056 TH435 .W685 2025-3293 Books